| 000 | 00395nam a22001697a 4500 | ||
|---|---|---|---|
| 999 |
_c5064 _d5062 |
||
| 005 | 20210907143148.0 | ||
| 008 | 160701b xxu||||| |||| 00| 0 eng d | ||
| 020 | _a978817515712-5 | ||
| 041 | _aeng | ||
| 082 | _b20363 | ||
| 100 |
_aDe, Prof. Amitosh _93388 |
||
| 245 | _alatest development of HEMM | ||
| 260 |
_bGalgatas _c2014 |
||
| 300 | _a312 | ||
| 650 |
_aAgriculture _92837 |
||
| 942 | _cBK | ||